Normal view
MARC view
Entry Personal Name
001 - CONTROL NUMBER
- control field: 22312
003 - CONTROL NUMBER IDENTIFIER
- control field: DO-SlITS
005 - DATE AND TIME OF LATEST TRANSACTION
- control field: 20260204105020.0
008 - FIXED-LENGTH DATA ELEMENTS
- fixed length control field: 260204|| aca||aabn | a|a d
040 ## - CATALOGING SOURCE
- Original cataloging agency: DO-SlITS
100 ## - HEADING--PERSONAL NAME
- Personal name: Alcántara Tapia, Michelle,
- Dates associated with a name: 2020-1539
- Relator term: Sustentante
370 ## - ASSOCIATED PLACE
- Place of birth: Santo Domingo Este,
- Associated country: República Dominicana.
372 ## - FIELD OF ACTIVITY
- Field of activity: Sustentante
374 ## - OCCUPATION
- Occupation: Estudiante
375 ## - GENDER
- Gender: Femenino
377 ## - ASSOCIATED LANGUAGE
- Language code: spa
670 ## - SOURCE DATA FOUND
- Source citation: [Michelle Alcántara Tapia] Rediseño de la marca Juvena y sus envases para la empresa QUEALA dominicana.
- Information found: Tomado de la portada del proyecto final.



